Culture Générale Française #9 - Statistiques

Statistiques générales
  • Ce quiz a été pris 1 122 fois
  • Le résultat moyen est 10 sur 20
Statistiques - réponses
Question Réponse % Correct
Quelle boisson se présente comme "la première boisson festive pour enfants" ? Champomy
88%
Que permet de retenir la phrase "Mais où est donc Ornicar ?" ? Conjonctions de coordinations
88%
Que peut-on notamment voir à Vincennes, Auteuil et Longchamp ? Hippodromes
76%
En quelle année la Ve République a-t-elle commencé ? 1958
75%
Quel est le quotidien le plus lu en France ? Le Monde
69%
Avec qui Alain Souchon collabore-t-il le plus souvent pour écrire ses chansons ? Laurent Voulzy
60%
Quelle entreprise de jeux vidéo a entre autres développé les séries Assasin's Creed et Just Dance ? Ubisoft
58%
Quelle est la région qui compte le plus de départements ? Occitanie
54%
Qui a été le premier journaliste noir sur TF1 ? Harry Roselmack
53%
Quels étaient les prénoms des frères Bogdanoff ? Igor et Grichka
52%
Quelle rivière traverse Mâcon ? Saône
48%
Quel est le pseudonyme de François-Marie Arouet ? Voltaire
39%
Que n'avait pas François Mitterrand selon Valéry Giscard d'Estaing ? Monopole du cœur
38%
Où était enfermé Edmond Dantès ? Château d'If
36%
Quel film a notamment réuni Pierre Richard, Bernard Blier et Mireille Darc ? Le Grand Blond avec une chaussure noire
35%
Quelle est la chanteuse du courant yéyé qui a vendu le plus d'albums ? Sheila
30%
Où a été signé l'ordonnance instituant le français comme langue officielle ? Villers-Cotterêts
27%
Quelle coiffure a été popularisée par Brigitte Bardot ? Choucroute
18%
Que peigne-t-on lorsque l'on fait quelque chose d'inutile ? La girafe
18%
Quel est le nom de l'aéroport du Lamentin en Martinique ? Aimé Césaire
13%
Aucun quiz correspondant
Distribution des résultats
% des personnes avec chaque résultat
Percentile par nombre de réponses
Votre historique - résultats
Vous n’avez pas pris ce quiz